<?xml version="1.0" encoding="UTF-8"?><?xml-stylesheet type="text/xsl" href="static/style.xsl"?><OAI-PMH xmlns="http://www.openarchives.org/OAI/2.0/" xmlns:xsi="http://www.w3.org/2001/XMLSchema-instance" xsi:schemaLocation="http://www.openarchives.org/OAI/2.0/ http://www.openarchives.org/OAI/2.0/OAI-PMH.xsd"><responseDate>2026-06-01T06:11:14Z</responseDate><request verb="GetRecord" identifier="oai:riuma.uma.es:10630/27443" metadataPrefix="marc">https://riuma.uma.es/rest/oai/request</request><GetRecord><record><header><identifier>oai:riuma.uma.es:10630/27443</identifier><datestamp>2026-02-03T10:19:55Z</datestamp><setSpec>com_10630_1685</setSpec><setSpec>col_10630_38055</setSpec></header><metadata><record xmlns="http://www.loc.gov/MARC21/slim" xmlns:dcterms="http://purl.org/dc/terms/" xmlns:doc="http://www.lyncode.com/xoai" xmlns:xsi="http://www.w3.org/2001/XMLSchema-instance" xsi:schemaLocation="http://www.loc.gov/MARC21/slim http://www.loc.gov/standards/marcxml/schema/MARC21slim.xsd">
   <leader>00925njm 22002777a 4500</leader>
   <datafield ind2=" " ind1=" " tag="042">
      <subfield code="a">dc</subfield>
   </datafield>
   <datafield ind2=" " ind1=" " tag="720">
      <subfield code="a">Aragonés de la Rosa, Francisco José</subfield>
      <subfield code="e">author</subfield>
   </datafield>
   <datafield ind2=" " ind1=" " tag="260">
      <subfield code="c">2023</subfield>
   </datafield>
   <datafield ind2=" " ind1=" " tag="520">
      <subfield code="a">La meta de este proyecto es el desarrollo de un videojuego serio que se use como recurso&#xd;
para ayudar a mejorar la capacidad auditiva en el ámbito musical. El juego está diseñado&#xd;
para ser una herramienta útil para músicos y estudiantes de música, así como para&#xd;
cualquier persona interesada en mejorar su capacidad auditiva en el ámbito musical.&#xd;
Para conseguir el objetivo, el juego se centra en un entrenamiento auditivo para&#xd;
mejorar la percepción musical del usuario, que incluye el reconocimiento de notas y el&#xd;
desarrollo de la memoria musical. Para ello, el juego cuenta con dos fases:&#xd;
En la primera el jugador usa el reconocimiento de notas para memorizar las notas que&#xd;
suenan en un patrón.&#xd;
En la segunda fase, el jugador introduce el patrón en el orden correcto pulsando las&#xd;
notas. Esta metodología ayuda al jugador a reconocer las diferencias entre las distintas&#xd;
notas.</subfield>
   </datafield>
   <datafield ind1="8" ind2=" " tag="024">
      <subfield code="a">https://hdl.handle.net/10630/27443</subfield>
   </datafield>
   <datafield tag="653" ind2=" " ind1=" ">
      <subfield code="a">Videojuegos</subfield>
   </datafield>
   <datafield tag="653" ind2=" " ind1=" ">
      <subfield code="a">Música - Estudio y enseñanza</subfield>
   </datafield>
   <datafield tag="653" ind2=" " ind1=" ">
      <subfield code="a">Oído - Educación</subfield>
   </datafield>
   <datafield tag="653" ind2=" " ind1=" ">
      <subfield code="a">Informática - Trabajos Fin de Grado</subfield>
   </datafield>
   <datafield tag="653" ind2=" " ind1=" ">
      <subfield code="a">Grado en Ingeniería Informática - Trabajos Fin de Grado</subfield>
   </datafield>
   <datafield ind2="0" ind1="0" tag="245">
      <subfield code="a">Implementación de un videojuego serio enfocado en desarrollar el oído musical.</subfield>
   </datafield>
</record>
</metadata></record></GetRecord></OAI-PMH>